ভুবনপুরের হাট / (Record no. 1041)
[ view plain ]
| 000 -LEADER | |
|---|---|
| fixed length control field | 00732nam a2200229 a 4500 |
| 001 - CONTROL NUMBER | |
| JCCL Control Number | 1041 |
| 003 - CONTROL NUMBER IDENTIFIER | |
| JCCL marc code | BD-JhCC |
| 005 - DATE AND TIME OF LATEST TRANSACTION | |
| control field | 20171015122737.0 |
| 008 - FIXED-LENGTH DATA ELEMENTS--GENERAL INFORMATION | |
| fixed length control field | 171014s1372 bg |||| ||a| 000 0 ben d |
| 035 ## - SYSTEM CONTROL NUMBER | |
| system control number | (BD-JhCC) 1041 |
| 040 ## - CATALOGING SOURCE | |
| Original cataloging agency | BD-JhCC |
| Modifying agency | BD-JhCC |
| 041 ## - LANGUAGE CODE | |
| Language code of Book | ben |
| 082 ## - DEWEY DECIMAL CLASSIFICATION NUMBER | |
| Classification number | 891.443 |
| Author mark and Year | BAN 1372 |
| 100 ## - MAIN ENTRY--PERSONAL NAME | |
| Personal name | বন্দোপাধ্যায়, তারাশঙ্কর |
| 245 ## - TITLE STATEMENT | |
| Title | ভুবনপুরের হাট / |
| Statement of responsibility, etc | তারাশঙ্কর বন্দোপাধ্যায় |
| 260 ## - PUBLICATION, DISTRIBUTION, ETC. (IMPRINT) | |
| Place of publication, distribution, etc | ঢাকা: |
| Name of publisher, distributor, etc | কল্পনা পাবলিশাস |
| Date of publication, distribution, etc | 1372 |
| 300 ## - PHYSICAL DESCRIPTION | |
| Pagination | 198 p .: |
| Dimensions | 22 cm. |
| 650 ## - SUBJECT ADDED ENTRY--TOPICAL TERM | |
| Topical term or geographic name as entry element | Bengali Novel |
| 651 ## - SUBJECT ADDED ENTRY--GEOGRAPHIC NAME | |
| Geographic name | Bangladesh |
| 942 ## - ADDED ENTRY ELEMENTS (KOHA) | |
| Source of classification or shelving scheme | Dewey Decimal Classification |
| Koha item type | Books |
| Source of classification or shelving scheme | Damaged status | Not for loan | Home library | Current library | Shelving location | Date of accession | Total Checkouts | Full call number | Barcode | Date last seen | Copy number | Koha item type |
|---|---|---|---|---|---|---|---|---|---|---|---|---|
| Dewey Decimal Classification | JCC Rouf Library | JCC Rouf Library | General Stacks | 10/14/2017 | 891.443 BAN 1372 | 2081 | 10/14/2017 | C-1 | Books |